Open Data Biblioteca Nacional de Portugal


República Portuguesa: Ministério da Cultura
Biblioteca Nacional de Portugal

Catálogo da BNP: acesso por Identificadores Unívocos
Registos Bibliográficos associados ao registo de autoridade

Etiqueta de registo: 00000nam 2200025 450
001 2017681
003 http://id.bnportugal.gov.pt/bib/catbnp/2017681
100 ## $a20190322d2018 k y0pory01030103ba
101 0# $apor$aeng
102 ## $aPT
105 ## $aa m 000yy
106 ## $ar
200 1# $aDesafios químicos e metrológicos da alcalinidade oceânica$fBárbara Velasco Anes$gorient. Maria Filomena G. F. C. Camões
210 #9 $aLisboa$c[s.n.],$d2018
215 ## $aXXX, 234 p.$cil.$d30 cm$ecurriculum vitae ([8] f.)
300 ## $aAcesso não autorizado pelo autor
328 #1 $aTese dout. Química (Química Analítica), Fac. de Ciências, Univ. de Lisboa, 2018
675 ## $a543.3(043)$vBN$zpor$3360029
675 ## $a556.5(043)$vBN$zpor$31296626
700 #1 $aAnes,$bBárbara Velasco,$f1983-$31746451
702 #1 $aCamões,$bFilomena,$f1945-$4727$347827
801 #0 $aPT$bBN$gRPC
966 ## $lBN$mFGMON$sS.A. 171899 V.$x1

Etiqueta de registo: 00254nam 2200025 450
001 2286936
003 http://id.bnportugal.gov.pt/bib/catbnp/2286936
010 ## $a978989-38-1309-6
021 ## $aPT$b562307/26
100 ## $a20260526d2026 m y0pory01030103ba
101 0# $apor
102 ## $aPT
105 ## $aa z 000yy
106 ## $ar
200 1# $aDe manhã já era tarde$fMartins da Cruz$gil. Bárbara Velasco Anes
210 #9 $a[S.l.]$cPoesia Impossível,$d2026
215 ## $a67, [6] p.$cil.$d23 cm
700 #1 $aCruz,$bMartins da,$f1965-$31973172
702 #1 $aAnes,$bBárbara Velasco,$f1983-$4440$31746451
801 #0 $aPT$bBN$gRPC
966 ## $lBN$mFGMON$x1
966 ## $lBN$mFGMON$x1
971 ## $cabrito$d20260526

OpendataBNP@bnportugal.pt | Mais informação sobre acesso aos dados BNP